Taiwanese Telephone Area Codes (Map) - Statistics

General Stats
  • This quiz has been taken 33 times
    32 since last reset
  • The average score is 21 of 28
Answers on the Map
Answers color-coded by a green-red scale on the quiz's map according to % correct below.
 
Answer Stats
Telephone Area Code % Correct
2
100%
2
100%
2
100%
2
100%
2
100%
7
100%
8
100%
3
93%
3
93%
3
93%
3
93%
3
93%
3
93%
4
93%
4
93%
5
93%
5
93%
6
93%
6
93%
6
93%
6
93%
89
47%
49
27%
82
27%
37
20%
826
7%
826
7%
836
7%
No matching quizzes found
Score Distribution
Percent of People with Each Score
Percentile by Number Answered
Your Score History
You have not taken this quiz since the last reset